000 00994cam a2200325 i 4500
001 200467545
003 TR-AnTOB
005 20260417121926.0
007 ta
008 260417m20252012tu 000 0 tur d
020 _a9789752115040
_q(paperback)
040 _aDEÜ
_beng
_erda
_cDEÜ
_dTR-AnTOB
041 0 _atur
049 _aDEÜ
050 0 0 _aPS3561.I483
_bE419 2025
090 _a PS3561.I483
_bE419 2025
100 1 _aKing, Stephen,
_d1947-
_eauthor
_982174
240 1 0 _a11/22/63.
_lTurkish.
245 1 0 _a22/11/63 /
_cStephen King ; türkçesi Zeynep Heyzen Ateş.
250 _a11. Basım / Kasım 2025 / İstanbul
264 1 _aİstanbul :
_bAltın Kitaplar,
_c2025.
300 _a815 pages ;
_c21 cm
336 _atext
_btxt
_2rdacontent
337 _aunmediated
_bn
_2rdamedia
338 _avolume
_bnc
_2rdacarrier
650 7 _aZaman yolculuğu
_2etuturkob
_961511
700 1 _aHeyzen Ateş, Zeynep.
_etranslator
_9153763
942 _2lcc
_cBK
999 _c200467545
_d85757